| 000 | 00600nam a2200229Ia 4500 | ||
|---|---|---|---|
| 001 | 12536 | ||
| 003 | GE_BSU | ||
| 008 | 181216s||||||||xx |||||||||||||| ||und|| | ||
| 020 | _a9785713314170 | ||
| 040 | _cGE_BSU | ||
| 080 | _a341.8(075.8) | ||
| 100 | _aЛапин,Г.Э. | ||
| 245 | _aКонсульская служба | ||
| 245 | _cРед.Л.И.Гецелевич | ||
| 260 | _aМосква | ||
| 260 | _bМеждународные отношения | ||
| 260 | _c2012 | ||
| 300 | _a244стр.19см. | ||
| 541 | _h24Л. | ||
| 653 | _aКонсульская служба | ||
| 942 | _cBK | ||
| 999 |
_c45709 _d45709 |
||